Povinná výbava a technická kontrola automobilu do vrecka

Podrobná bibliografia
Korporatívny autor: Slovensko (Autor)
Médium: Kniha
Jazyk:slovenčina
PhysicalDescription:176 s. 14 cm
Vydavateľské údaje: Bratislava Epos 2006
ISBN:8080576971 (brož.)
Vydanie:[1. vyd.]
Predmet:

MARC

LEADER 00000cam a2200000 a 4500
001 vtls008940542
003 SK-MaSNL
005 20260425222800.0
008 200115s2006 xo f l 000 0 slo
015 |a SNBI2007/01-00433 
020 |a 8080576971 (brož.) 
035 |a urn:nbn:sk:snk-am00cuj5 
035 |a urn:nbn:sk:snk-am3hp4i 
035 |a 5DF55699-4E36-4A9D-9FD2-3A52C13CC59B 
040 |a SNK  |b slo  |c SNK  |e AACR2 
041 0 |a slo 
043 |a e-xo--- 
044 |a xo  |c SK 
072 7 |a 625  |x Pozemné komunikácie. Železničné staviteľstvo  |2 konspekt 
080 |a 351.811.122  |2 2001 
080 |a 625.7/.8  |2 2001 
080 |a (437.6)  |2 2001 
080 |a (094.58)  |2 2001 
080 |a 629.02  |2 2001 
080 |a 629.331  |2 2001 
110 1 |a Slovensko  |4 aut  |9 266955 
240 1 0 |a Zákony, etc. 
245 1 0 |a Povinná výbava a technická kontrola automobilu do vrecka 
250 |a [1. vyd.] 
260 |a Bratislava  |b Epos  |c 2006 
300 |a 176 s.  |c 14 cm 
650 0 7 |a automobily  |2 SNKPH  |9 18879 
650 0 7 |a pravidlá cestnej premávky  |2 SNKPH  |9 67981 
650 0 7 |a konštrukcie dopravných prostriedkov  |2 SNKPH  |9 69405 
650 0 7 |a pozemné komunikácie  |2 SNKPH  |9 3578 
651 7 |a Slovensko  |2 SNKPH  |9 14231 
655 7 |a vyhlášky  |2 SNKPH  |9 70671 
919 |a 80-8057-697-1 
999 |c 568024  |d 569954 
952 |a SNK  |b SNK  |y PREZ  |7 0  |p 17A0538744  |o snkSE 11314  |i snk2007/2702  |8 0  |0 0  |1 0  |4 0  |d 2007-01-30  |f 1  |l 0  |r 2026-02-23 14:04:26  |w 2026-02-23 
952 |a SNK  |b SNK  |y VYP  |7 0  |p 17A0538745  |o snkSE 11314 D1  |i snk2007/2704  |8 0  |0 0  |1 0  |4 0  |d 2007-01-30  |l 0  |r 2026-02-23 14:04:26  |w 2026-02-23